• 首页
  • 本馆介绍
  • 公告通知
  • 最新文献
  • 馆藏检索
  • 电子资源
  • 读者导购
  • 参考咨询
  • 我的图书馆
  • 登录
  • 详细信息显示
  • 放入我的书架
  • 预约/预借图书
  • 作者相关作品
  • 分类相关作品
  • 丛书相关作品
  • 出版社相关作品

书目信息

  • 表格格式
  • 工作单格式
  • 卡片格式
题名:
面向对外汉语教学的汉语语篇研究
    
 
作者: 马明艳 著
分册:  
出版信息: 北京   中国社会科学出版社  2009.5
页数: 270页
开本: 21cm
丛书名:
单 册:
中图分类: H195.3
科图分类:
主题词: 汉语--语法--对外汉语教学--教学研究
电子资源:
ISBN: 978-7-5004-7779-2
000 00812nam0 2200241 45
001 1360518296
005 20130603085829.46
010    @a978-7-5004-7779-2@dCNY23.00
100    @a20130513d2009 ekmy0chiy0121 ea
101 0  @achi
102    @aCN@b110000
105    @ay a 000yy
106    @ar
200 1  @a面向对外汉语教学的汉语语篇研究@AMian Xiang Dui Wai Han Yu Jiao Xue De Han Yu Yu Pian Yan Jiu@f马明艳著@FMa Ming Yan Zhu
210    @a北京@c中国社会科学出版社@d2009.5
215    @a270页@d21cm
320    @a有书目 (第257-267页)
330    @a本书内容包括汉语语篇概论、语篇衔接与连贯理伭、小句偏误研究、语篇指称研究等。
606 0  @a汉语@x语法@x对外汉语教学@x教学研究
690    @aH195.3@v5
701  0 @a马明艳@AMa Ming Yan@4著
801    @aCN@bTANGWEI@c20130522
905    @b0834590-92@dH195.3@e322@f3
    
    面向对外汉语教学的汉语语篇研究/马明艳著.-北京:中国社会科学出版社,2009.5
    270页;21cm
    
    
    ISBN 978-7-5004-7779-2:CNY23.00
    本书内容包括汉语语篇概论、语篇衔接与连贯理伭、小句偏误研究、语篇指称研究等。
●
相关链接 在E读中查询图书 在五车中查询图书 在当当中查询图书 在豆瓣中查询图书


正题名:面向对外汉语教学的汉语语篇研究     索取号:H195.3/322         预约/预借

序号 登录号 条形码 馆藏地/架位号 状态 备注
1 0834590   208345904   第二样本阅览室/ [索取号:H195.3/322] 在馆    
2 0834591   208345913   第四借阅区/ [索取号:H195.3/322] 在馆    
3 0834592   208345922   密集书库-文学院/ [索取号:H195.3/322] 在馆    
唐山师范学院图书馆 欢迎您!
大连网信软件有限公司© 版权所有